| 000 | 00508nam a2200169Ia 4500 | ||
|---|---|---|---|
| 999 |
_c37042 _d37042 |
||
| 003 | OSt | ||
| 005 | 20210105133605.0 | ||
| 008 | 190216s9999||||xx |||||||||||||| ||und|| | ||
| 040 | _coclc | ||
| 082 |
_a610 _bTHI/A |
||
| 100 |
_aThirumulpadu, Vaidyabhushanam Raghavan _97987 |
||
| 245 | 0 |
_aAyurveda Praveshika / _cVaidyabhushanam Raghavan Thirumulpadu |
|
| 260 |
_bH&C Books, _c2006. _aTrissur: |
||
| 300 | _a151p | ||
| 650 | _aMalayalam | ||
| 942 |
_cREF _2ddc _h610 _iTHI/A _k610 _mTHI/A |
||